Programování pro 3. ročník gymnázií : zaměření studijního oboru na programování : programovací jazyk Basic /

Hlavní autor: Franek, Miloš
Další autoři: Mečiar, Ivan
Jazyk: Čeština
Vydáno: Praha : SPN, 1987
Vydání: 1.vyd.
Edice: Učebnice pro střední školy
Témata:
Fyzický popis: 213 s.
Knihy
Uloženo v:
LEADER 00906nam a22002532a 4500
001 000392843
003 CZ BrMZK
005 19980107143423.0
008 980107s1987 xr f cze d
015 |a cnb000035052 
040 |a BOA001  |b cze 
080 |a 372.851.968(075.3)  |2 MRF 
100 1 |a Franek, Miloš  |7 jx20040720050 
245 1 0 |a Programování pro 3. ročník gymnázií :  |b zaměření studijního oboru na programování : programovací jazyk Basic /  |c Miloš Franek, Ivan Mečiar 
250 |a 1.vyd. 
260 |a Praha :  |b SPN,  |c 1987 
300 |a 213 s. 
490 1 |a Učebnice pro střední školy 
700 1 |a Mečiar, Ivan  |7 jx20080201013 
830 0 |a Učebnice pro střední školy 
910 |a BOA001  |b PK-N-0026.534 
964 |a Programování - učebnice - gymnázia 
990 |a BK 
996 7 |b 3119817050  |c PK-N-0026.534  |l MZK  |r Sklad / do 1 hodiny  |n 1  |w 000392843  |u 000010  |a 1  |e BOA001  |j MZK50  |s A